Polskie miasta "nad" rzekami - Nagła śmierć - Statystyki

Ogólne statystyki
  • Ten quiz został rozwiązany 52 razy
  • Średni wynik to 5 z 9
Answers on the Grid
Answers color-coded by a green-red scale on the quiz's grid according to % correct below.
Białobrzegi nad Pilicą
Chojna nad Odrą
Czerwińsk nad Wisłą
Dobrzyń nad Wisłą
Działoszyn nad Wartą
Grabów nad Prosną
Grabowiec nad Odrą
Janów Podlaski nad Bugiem
Józefów nad Wisłą
Kościelec nad Kiełbaską
Kostrzyn nad Odrą
Kostrzyn nad Wartą
Nakło nad Notecią
Nowe Miasto nad Pilicą
Nowogród nad Narwią
Radomyśl nad Sanem
Rudnik nad Sanem
Solec nad Wisłą
Ustroń nad Wisłą
 
Statystyki odpowiedzi
Odpowiedź % Poprawnych
Kostrzyn nad Odrą
80%
Nowe Miasto nad Pilicą
71%
Nakło nad Notecią
69%
Józefów nad Wisłą
51%
Solec nad Wisłą
51%
Grabów nad Prosną
49%
Dobrzyń nad Wisłą
43%
Rudnik nad Sanem
40%
Czerwińsk nad Wisłą
34%
Nie znaleziono quizów pasujących do podanych kryteriów
Rozkład punktacji
Procent ludzi z każdym wynikiem
Percentyl według liczby udzielonych odpowiedzi
Twoja historia wyników
Nie rozwiązałeś tego quizu